Kuvayi milliye (Record no. 13022)

MARC details
000 -BAŞLIK
Sabit Uzunlukta Kontrol Alanı 00622nam a22002057a 4500
999 ## - SİSTEM KONTROL NUMARALARI (KOHA)
Koha Biblionumber 13022
Koha Biblioitemnumber 13022
003 - KONTROL NUMARASI IDENTIFIER
Denetim Alanı MIRAKIL
005 - SON İŞLEM TARİHİ VE ZAMANI
Denetim Alanı 20190322152747.0
008 - SABİT-BOY VERİ ELEMANLARI - GENEL BİLGİLER
Sabit Uzunlukta Kontrol Alanı 190322b tu ||||| |||| 00| 0 tur d
040 ## - KATALOGLAMA KAYNAK
Orijinal Kataloglama Ajansı TR-AnCHP
Metne Dönüştürmek Ajansı TR-AnCHP
041 ## - DİL KODU
Metin / Ses Parça Veya Ayrı Başlığın Dil Kodu tur
082 ## - DEWEY ONLU SINIFLANDIRMA NUMARASI
Sınıflandırma Numarası 811.42
Ürün Numarası N29k 2010
090 ## - SINIFLAMA NUMARASI
Sınıflama Numarası 811.42 N29k 2010
100 ## - ANA GİRİŞ - KİŞİSEL İSİM
Kişisel Ad Nazım Hikmet
Bir Adıyla İlişkilendirilen Tarihler 1901-1963
245 ## - BAŞLIK TABLOSU
Başlık Kuvayi milliye
Sorumluluk Tablosu, Vb Nazım hikmet.
260 ## - YAYIN, DAĞITIM, VB
Yayın, Dağıtım, Vb Yeri Ankara :
Yayıncı, Dağıtıcı, Vs Adı Bilgi yayınevi ,
Yayın, Dağıtım, Vb Tarihi 1986.
300 ## - FİZİKSEL TANIM
Kapsam 179 s.
Diğer Fiziksel Ayrıntıları çiz.
Boyutlar 24 sm.
650 ## - KONU KATMA GİRİŞ - TOPİKAL DÖNEM
Topikal Süreli Veya Coğrafi Ad Giriş Elemanı Türk edebiyatı
Genel Alt Bölümü şiirler
856 ## - ELEKTRONİK YER VE ERİŞİM
Kamu Notu Dijital Nüshası için Partimizin Kütüphane Sorumlusu ile iletişime geçiniz.
942 ## - EKLENDİ GİRİŞ ELEMANLARI (KOHA)
Sınıflandırma Veya Raf Düzeni Kaynak Dewey Decimal Classification
Koha Öğesi Türü Books
Holdings
Kalıcı Konum Mevcut Konum Edinme Tarihi Toplam Check-Out'Lar Tam Çağrı Numarası Barkod Tarih Son Görülme İtibaren Geçerli Fiyatlar Koha Öğesi Türü
CHP Kütüphanesi CHP Kütüphanesi 03/22/2019   811.42 N29k 2010 019081 03/22/2019 03/22/2019 Books